Statistics for Famous Pakistani Actors

Click here to take the quiz!

General Stats

  • This quiz has been taken 48 times
  • The average score is 9 of 12

Answer Stats

Answer% Correct
Mahira Khan
100%
Fawad Khan
86%
Danish Taimoor
84%
Ahad Raza Mir
78%
Hania Aamir
73%
Fahad Mustafa
68%
Kubra Khan
68%
Ahsan Khan
65%
Humayun Saeed
65%
Sajal Aly
65%
Sarah Khan
62%
Osman Khalid Butt
59%

Score Distribution

Percentile by Number Answered

Percent of People with Each Score

Your Score History

You have not taken this quiz